Beyond community: an analysis of social capital and the social networks of Brazilian migrants in Amsterdam /
Guardado en:
| Hovedforfatter: | |
|---|---|
| Andre forfattere: | |
| Format: | Texto |
| Tags: |
Tilføj Tag
Ingen Tags, Vær først til at tagge denne postø!
|
MARC
| LEADER | 00000 a a2200000 04500 | ||
|---|---|---|---|
| 001 | 48862 | ||
| 003 | |||
| 040 | |||
| 100 | |a Roggeveen, Suzanne | ||
| 245 | |a Beyond community: |b an analysis of social capital and the social networks of Brazilian migrants in Amsterdam / |c Suzanne Roggeveen, Masja van Meeteren | ||
| 700 | |a Meeteren, Masja van | ||
| 773 | |g volumen61, número7, (2013), páginas 1078-1096 | ||
| 999 | |c 38764 |d 38764 | ||
